00435nam a2200157Ia 4500008004100000020001800041082001600059100001700075245005100092250000800143260003800151300002700189500001900216600002700235650001500262240925s9999 xx 000 0 und d a9788189757915 a621.319 GUP aGupta, J. B. 3aAn Integrated Course in Electrical Engineering a4th aNew Delhi:bS. K. Katariac,2010. ax,669p.bN.AfOriginal aIncludes Index aElectrical Engineering aTechnology